00670nam a2200193 i 450000100060000000300090000600500170001500700030003200800410003510000420007624500500011825000300016826000640019830000280026265000290029085200200031999900170033995201200035689771ES-MaACL20250815110837.0t|050112s1913 fr ||||1| fre d1 aLaunay, Louis de (d1860-1938)97060313aLa science géologique / cpar L. de Launay. a2ème éd. rev. et aug. aParis : bArmand Colin, c1913 (eEvreux : fPaul Herissey) aVIII, 775 p. ; c25 cm.07aGeología2embne913086 aES-MaACLjD-534 c89771d89771 00104070aATENEOMbATENEOMcSVId2008-01-17eSCl0oD-534p901093753r2023-02-23 00:00:00w2023-02-23yMONOGRAFIA